000 00451nam a22001217a 4500
999 _c530305
_d530305
008 250604b ||||| |||| 00| 0 eng d
100 _a Bora, Bikash Kuamr and Devi, Jutirani
_954085
245 _aMaternal health of Bodo women in Baramaarea of Baksa district: A field study
260 _aThe Indian Journal of Political Science
300 _a85(4), Oct-Dec, 2024: p.949-955
773 _aThe Indian Journal of Political Science
942 _cAR